Unequal alliance 1979-1986 : (Record no. 288853)
[ view plain ]
| 000 -LEADER | |
|---|---|
| fixed length control field | 00703nam a22002050 4500 |
| 001 - CONTROL NUMBER | |
| control field | HUB008853 |
| 003 - CONTROL NUMBER IDENTIFIER | |
| control field | PILC |
| 005 - DATE AND TIME OF LATEST TRANSACTION | |
| control field | 20151013130437.0 |
| 008 - FIXED-LENGTH DATA ELEMENTS--GENERAL INFORMATION | |
| fixed length control field | 800101s1988 |
| 020 ## - INTERNATIONAL STANDARD BOOK NUMBER | |
| International Standard Book Number | 9711130068 |
| 050 ## - LIBRARY OF CONGRESS CALL NUMBER | |
| Classification number | HG 3881 |
| Item number | .B78 1988 |
| 100 1# - MAIN ENTRY--PERSONAL NAME | |
| Personal name | Broad, Robin. |
| 245 10 - TITLE STATEMENT | |
| Title | Unequal alliance 1979-1986 : |
| Remainder of title | the world bank, the international monetary fund, and the Philippines / |
| Statement of responsibility, etc | Robin Broad. |
| 260 ## - PUBLICATION, DISTRIBUTION, ETC. (IMPRINT) | |
| Place of publication, distribution, etc | Manila : |
| Name of publisher, distributor, etc | Ateneo de Manila University Press, |
| Date of publication, distribution, etc | 1988. |
| 300 ## - PHYSICAL DESCRIPTION | |
| Extent | xxvii, 352 pages : |
| Other physical details | illustrations ; |
| Dimensions | 24 cm. |
| 650 ## - SUBJECT ADDED ENTRY--TOPICAL TERM | |
| Topical term or geographic name as entry element | International Monetary Fund |
| General subdivision | Philippines. |
| 650 ## - SUBJECT ADDED ENTRY--TOPICAL TERM | |
| Topical term or geographic name as entry element | Philippines |
| General subdivision | Economic policy. |
| 650 ## - SUBJECT ADDED ENTRY--TOPICAL TERM | |
| Topical term or geographic name as entry element | World Bank |
| General subdivision | Philippines. |
| 942 ## - ADDED ENTRY ELEMENTS (KOHA) | |
| Source of classification or shelving scheme | Library of Congress Classification |
| Koha item type | Books |
| Call number prefix | Local |
| Withdrawn status | Lost status | Source of classification or shelving scheme | Damaged status | Home library | Current library | Shelving location | Date acquired | Source of acquisition | Total Checkouts | Full call number | Barcode | Date last seen | Price effective from | Koha item type |
|---|---|---|---|---|---|---|---|---|---|---|---|---|---|---|
| Library of Congress Classification | Archives | Archives | Audio Visual Material Section | 10/13/2015 | Donation | HG 3881 .B78 1988 | C20186 | 05/15/2018 | 10/13/2015 | Books |